Cervidae - Liste des espèces - Statistiques

Statistiques générales
  • Ce quiz a été pris 31 fois
  • Le résultat moyen est 7 sur 56
Statistiques - réponses
Par images Hint Réponse % Correct
Alces alces Élan
100%
Rangifer tarandus Renne
78%
Cervus elaphus Cerf élaphe
63%
Cervus canadensis Wapiti
44%
Odocoileus virginianus Cerf de Virginie
30%
Axis axis Cerf axis
26%
Capreolus capreolus Chevreuil d'Europe
26%
Dama mesopotamica Daim de Perse
26%
Dama dama Daim européen
26%
Axis porcinus Cerf-cochon
22%
Elaphurus davidianus Cerf du père David
22%
Cervus nippon Cerf sika
22%
Hydropotes inermis Hydropote
22%
Blastocerus dichotomus Cerf des marais
19%
Odocoileus hemionus Cerf-mulet
19%
Capreolus pygargus Chevreuil d'Asie
15%
Elaphodus cephalophus Élaphode
15%
Rucervus duvaucelii Barasingha
11%
Rucervus eldii Cerf d'Eld
11%
Rusa alfredi Cerf du Prince Alfred
11%
Hippocamelus bisulcus Huemul
11%
Muntiacus reevesi Muntjac de Reeves
11%
Pudu puda Pudu du Sud
11%
Axis calamianensis Cerf calamian
7%
Axis kuhlii Cerf de Bawean
7%
Cervus albirostris Cerf de Thorold
7%
Mazama americana Daguet rouge
7%
Pudu mephistophiles Pudu du Nord
7%
Rucervus schomburgki Cerf de Schomburgk
4%
Ozotoceros bezoarticus Cerf des pampas
4%
Rusa marianna Cerf des Philippines
4%
Mazama nana Daguet nain
4%
Muntiacus rooseveltorum Muntjac de Roosevelt
4%
Rusa unicolor Sambar
4%
Hippocamelus antisensis Taruca
4%
Cervus hanglu Cerf du Cachemire
0%
Rusa timorensis Cerf rusa
0%
Mazama nemorivaga Daguet brun d'Amazonie
0%
Mazama pandora Daguet brun du Yucatán
0%
Mazama temama Daguet d'Amérique centrale
0%
Mazama gouazoubira Daguet gris
0%
Mazama rufina Daguet rouge nain
0%
Mazama bricenii Mazame nain gris
0%
Mazama chunyi Mazame pygmée
0%
Muntiacus feae Muntjac de Fea
0%
Muntiacus puhoatensis Muntjac de Pu Hoat
0%
Muntiacus putaoensis Muntjac de Putao
0%
Muntiacus montanus Muntjac de Sumatra
0%
Muntiacus gongshanensis Muntjac du Gonshan
0%
Muntiacus truongsonensis Muntjac du Truong Son
0%
Muntiacus vuquangensis Muntjac géant
0%
Muntiacus muntjak Muntjac indien
0%
Muntiacus atherodes Muntjac jaune de Bornéo
0%
Muntiacus crinifrons Muntjac noir
0%
Muntiacus vaginalis Muntjac rouge du Nord
0%
Mazama bororo Petit daguet rouge
0%
Aucun quiz correspondant
Distribution des résultats
% des personnes avec chaque résultat
Percentile par nombre de réponses
Votre historique - résultats
Vous n’avez pas pris ce quiz